Kriminologiai [!Kriminológiai] adalékok 3. füz. /

Elmentve itt :
Bibliográfiai részletek
Szerző: Hacker Ervin
Dokumentumtípus: Cikk
Megjelent: 1935
Sorozat:Kolligátum
Kulcsszavak:Kriminológia
Online Access:http://misc.bibl.u-szeged.hu/23561
LEADER 00539nab a2200169 i 4500
001 misc23561
005 20191111110453.0
008 170822s1935 hu o 0|| zxx d
040 |a SZTE Miscellanea Repozitórium  |b hun 
041 |a zxx 
100 1 |a Hacker Ervin 
245 1 0 |a Kriminologiai [!Kriminológiai] adalékok   |h [elektronikus dokumentum] :  |b 3. füz. /  |c  Hacker Ervin 
260 |c 1935 
300 |a 1-27 
490 0 |a Kolligátum 
695 |a Kriminológia 
856 4 0 |u http://misc.bibl.u-szeged.hu/23561/1/09875_001-027.pdf  |z Dokumentum-elérés